| 000 | 00521nam a2200169Ia 4500 | ||
|---|---|---|---|
| 999 |
_c30879 _d30879 |
||
| 003 | OSt | ||
| 005 | 20211101104211.0 | ||
| 008 | 190216s9999||||xx |||||||||||||| ||und|| | ||
| 040 | _coclc | ||
| 082 |
_a516.36 _bLIP/T |
||
| 100 |
_aLipschutz, Martin M _98876 |
||
| 245 | 0 |
_aTheory And Problems Of Differential Geometry / _cMartin M Lipschutz |
|
| 260 |
_bMcgraw hill Book Company, _c1969. _aNew York: |
||
| 300 | _a269p | ||
| 650 | _aMathematics | ||
| 942 |
_cBK _2ddc _h516.36 _iLIP/T _k516.36 _mLIP/T |
||